An approach to town planning (Record no. 84309)

MARC details
000 -LEADER
fixed length control field 00598nam a2200145 a 4500
008 - FIXED-LENGTH DATA ELEMENTS--GENERAL INFORMATION
fixed length control field 120416s1971 ||||||||||||||||| || u
050 ## - LIBRARY OF CONGRESS CALL NUMBER
Classification number HT 166 Gil
100 ## - MAIN ENTRY--PERSONAL NAME
Personal name Gillie, F.B
245 13 - TITLE STATEMENT
Title An approach to town planning
260 ## - PUBLICATION, DISTRIBUTION, ETC.
Place of publication, distribution, etc. The Hague
Name of publisher, distributor, etc. Mouton
Date of publication, distribution, etc. 1971
300 ## - PHYSICAL DESCRIPTION
Extent 164p.
350 ## -
-- 0.00
995 ## -
-- MAIN LIBRARY OPEN ACCESS
-- 0.00
-- 008329
-- CBU-MAIN LIBRARY (Kitwe)
-- 2
-- 0.00
-- HT 166 Gil
-- AVAILABLE
-- 008329
-- Main Library Open Access Collection
995 ## -
-- BINDERY (DAMAGED)
-- 0.00
-- 706283
-- CBU-MAIN LIBRARY (Kitwe)
-- 1
-- 0.00
-- HT 166 Gil
-- DAMAGED
-- 008330
-- Main Library Open Access Collection
999 ## -
-- 84309
-- 84309
Holdings
Withdrawn status Lost status Source of classification or shelving scheme Damaged status Not for loan Permanent Location Current Location Shelving location Date acquired Total Checkouts Full call number Barcode Date last seen Copy number Price effective from Koha item type
          CBU-MAIN LIBRARY, KITWE. CBU-MAIN LIBRARY, KITWE.   01/25/2024   HT 166 Gil 008329 01/25/2024 1 01/25/2024 MONOGRAPH
          CBU-MAIN LIBRARY, KITWE. CBU-MAIN LIBRARY, KITWE.   01/25/2024   HT 166 Gil 008330 01/25/2024 2 01/25/2024 MONOGRAPH